00293nam a2200085Ia 4500008004100000041000800041100001700049245010400066260003700170241105s9999 xx 000 0 und d aeng aGadre Amruta aEvaluating Thermal Performance Of Courtyards In School Buildings For Different Climatic Conditions. bM.Arch Environmental, Punec2012